000 00323nam a22001457a 4500
008 221014b ||||| |||| 00| 0 eng d
020 _a9780205140633
041 _aeng
080 _a610.73
082 _a610.73SOM
100 _a61
101 _aMJEK
245 _aTHERAPEUTIC INTERVIEWING
_cSOMMERS J
942 _2udc
_cBK
999 _c58564
_d58564